[Event "CCSCSL Invitational"]
[Site "Saint Louis USA"]
[Date "2011.12.02"]
[Round "7.2"]
[White "Arnold,Mar"]
[Black "Yang,Dar"]
[Result "1/2-1/2"]
[WhiteElo "2504"]
[BlackElo "2442"]

1.d4 d5 2.c4 e6 3.Nc3 c6 4.e3 Nf6 5.Nf3 Nbd7 6.Bd3 Be7 7.Qc2 O-O 8.b3 h6
9.Bb2 b6 10.O-O-O Bb7 11.Kb1 Rc8 12.Qe2 c5 13.e4 cxd4 14.Nxd4 Bc5 15.Nc2 dxe4
16.Nxe4 Qe7 17.Nd4 Nxe4 18.Bxe4 Nf6 19.Bf3 Bxf3 20.Qxf3 Rfd8 21.Rhe1 Bxd4
22.Bxd4 Ne8 23.Bb2 Rxd1+ 24.Rxd1 Rd8 25.a4 f6 26.Rxd8 Qxd8 27.Qe3 Kf7 28.c5 Nc7
29.cxb6 Nd5 30.Qd4 axb6 31.g3 Qd6 32.Ka2 Nb4+ 33.Kb1 Nd5 34.Ka2  1/2-1/2

[Event "ITT Pre Jahv Mcgregor"]
[Site "Silvania COL"]
[Date "2011.12.02"]
[Round "4"]
[White "Ortiz Suarez,I"]
[Black "Rojas Barrero,A"]
[Result "1-0"]
[WhiteElo "2553"]
[BlackElo "2249"]

1.d4 d5 2.c4 e6 3.Nc3 Nf6 4.Nf3 c6 5.e3 Nbd7 6.Qc2 Bd6 7.Bd3 O-O 8.O-O Qe7
9.e4 dxc4 10.Bxc4 e5 11.h3 exd4 12.Nxd4 Nb6 13.Bd3 Bd7 14.Nf3 Rae8 15.Re1 Be5
16.Nxe5 Qxe5 17.f4 Qh5 18.Be3 Rd8 19.Rad1 Rfe8 20.Qf2 Nc8 21.f5 g5 22.fxg6  1-0

[Event "TCh-CZE Extraliga 2011-12"]
[Site "Czech Republic CZE"]
[Date "2011.12.03"]
[Round "3.7"]
[White "Michenka,J"]
[Black "Stachowiak,K"]
[Result "1/2-1/2"]
[WhiteElo "2346"]
[BlackElo "2425"]

1.d4 d5 2.c4 e6 3.Nc3 c6 4.e3 Nf6 5.Nf3 Nbd7 6.Qc2 Bd6 7.g4 dxc4 8.Bxc4 e5
9.g5 Nd5 10.Bd2 O-O 11.Ne4 Qe7 12.O-O-O exd4 13.Nxd6 Qxd6 14.exd4 Rd8 15.Rhg1 Nf8
16.Ne5 Be6 17.Kb1 c5 18.Qe4 cxd4 19.Qxd4 Qc7 20.Rc1 Qe7 21.Qe4 Ng6 22.Nxg6 hxg6
23.Ka1 Nb6 24.Bxe6 Rxd2 25.Qf4 Rad8 26.Bb3 R2d4 27.Qc7 R4d7 28.Qf4 Nd5 29.Qh4 Qe5
30.Rg4 Ne7 31.Re4 Qc5 32.Rec4 Qe5 33.Re4 Qc5 34.Rec4 Qe5 35.Re4  1/2-1/2

[Event "80th Anniversary Mollet CM"]
[Site "Mollet del Valles ESP"]
[Date "2011.12.03"]
[Round "1"]
[White "Vives Jaume,Oriol"]
[Black "Camus,Adrian Hugo"]
[Result "1-0"]
[WhiteElo "1974"]
[BlackElo "1955"]

1.d4 d5 2.c4 c6 3.Nf3 Nf6 4.Nc3 e6 5.e3 Nbd7 6.Qc2 Bd6 7.Bd3 O-O 8.O-O e5
9.cxd5 cxd5 10.dxe5 Nxe5 11.Be2 Nxf3+ 12.Bxf3 Ng4 13.g3 Ne5 14.Bxd5 Bh3 15.Bg2 Qc8
16.f4 Bxg2 17.Kxg2 Ng4 18.h3 Nf6 19.Qf2 b5 20.Qf3 b4 21.Nd5 Nxd5 22.Qxd5 Rd8
23.Qf3 Bc7 24.b3 Bb6 25.Bb2 Rd3 26.Rac1 Qe8 27.Rfe1 Rad8 28.Rc2 Rxe3 29.Rxe3 Qxe3
30.Qxe3 Bxe3 31.Kf3 Bb6 32.Ke4 f6 33.Rc4 Rd2 34.Bd4 Rxa2 35.Bxb6 axb6 36.Rxb4 Re2+
37.Kf5 Kf7 38.Rxb6 g6+ 39.Kg4 Rb2 40.f5 Rf2 41.Rb7+ Kg8 42.fxg6 hxg6 43.b4 Kf8
44.b5 Kg8 45.h4 Rb2 46.Kf3 Rb3+ 47.Kf4 Rb4+ 48.Ke3 Rb3+ 49.Kd4 Rxg3 50.Re7 Rg4+
51.Re4 Rg1 52.b6 Rb1 53.Kc5 f5 54.Rb4 Rc1+ 55.Kd5 Rd1+ 56.Kc5 Rc1+ 57.Rc4 Rb1
58.Kc6 Kf7 59.b7 Kf6 60.Kc7 g5 61.Rc6+ Ke5 62.hxg5 Rxb7+ 63.Kxb7 f4 64.Rf6  1-0

[Event "CCSCSL Invitational"]
[Site "Saint Louis USA"]
[Date "2011.12.03"]
[Round "9.1"]
[White "Arnold,Mar"]
[Black "Shahade,G"]
[Result "1/2-1/2"]
[WhiteElo "2504"]
[BlackElo "2459"]

1.d4 d5 2.c4 e6 3.Nc3 c6 4.e3 Nf6 5.Nf3 Nbd7 6.Bd2 Bd6 7.Bd3 O-O 8.O-O dxc4
9.Bxc4 e5 10.Qc2 exd4 11.exd4 Nb6 12.Bb3 Bg4 13.Ne5 Bc7 14.Be3 Qd6 15.Qd3 Be6
16.Bxe6 Qxe6 17.Nf3 Rad8 18.Bg5 Rde8 19.Rfe1 Qd6 20.Rad1 Nfd5 21.Ne4 Qg6
22.Nc5 Rxe1+ 23.Rxe1 Qxd3 24.Nxd3 f6 25.Bd2 Nd7 26.Nb4 Kf7 27.Nxd5 cxd5 28.Bb4 Re8  1/2-1/2

[Event "Rapport-Ragger Match"]
[Site "Szombathely HUN"]
[Date "2011.12.03"]
[Round "5"]
[White "Rapport,R"]
[Black "Ragger,M"]
[Result "1/2-1/2"]
[WhiteElo "2534"]
[BlackElo "2662"]

1.d4 d5 2.c4 c6 3.e3 Nf6 4.Nc3 e6 5.Nf3 Nbd7 6.Qc2 Bd6 7.b3 O-O 8.Be2 b6
9.Bb2 Bb7 10.O-O Qe7 11.Rfe1 Rfe8 12.e4 Nxe4 13.Nxe4 dxe4 14.Qxe4 Nf6 15.Qc2 Rad8
16.Bd3 Ba3 17.Bc3 h6 18.Rad1 Bb4 19.Bxb4 Qxb4 20.c5 bxc5 21.Qxc5 a5 22.Ne5 Rd5
23.Qxb4 axb4 24.Bc4 Ra5 25.Nd3 Rxa2 26.Nxb4 Ra5 27.Ra1 Rea8 28.Rxa5 Rxa5
29.Nd3 Nd7 30.h3  1/2-1/2

[Event "TCh-CZE Extraliga 2011-12"]
[Site "Czech Republic CZE"]
[Date "2011.12.04"]
[Round "4.7"]
[White "Stachowiak,K"]
[Black "Sosna,J"]
[Result "0-1"]
[WhiteElo "2425"]
[BlackElo "2398"]

1.d4 d5 2.Nf3 c6 3.c4 e6 4.e3 Nf6 5.Nc3 Nbd7 6.Bd3 Bd6 7.O-O O-O 8.e4 dxe4
9.Nxe4 Nxe4 10.Bxe4 h6 11.Bc2 e5 12.Re1 Bb4 13.Bd2 Bxd2 14.Qxd2 exd4 15.Qxd4 c5
16.Qc3 Nf6 17.Re5 Qb6 18.h3 Be6 19.Rae1 Rfd8 20.b3 Qc7 21.Qe3 b6 22.g4 Re8
23.g5 hxg5 24.Nxg5 Bd7 25.f4 Bc6 26.Qg3 Rad8 27.Qh4 Rxe5 28.Rxe5 Qd6 29.Bh7+ Kf8
30.Bd3 Qd4+ 31.Kh2 Nh5 32.Nxf7 Rd7 33.Ng5 Qxd3 34.Ne6+ Kg8 35.Qxh5 Qc2+ 36.Re2 Rd2  0-1

[Event "ITT Pre Jahv Mcgregor"]
[Site "Silvania COL"]
[Date "2011.12.04"]
[Round "8"]
[White "Rios,Cr"]
[Black "Uribe Arteaga,D"]
[Result "1-0"]
[WhiteElo "2388"]
[BlackElo "2228"]

1.d4 d5 2.c4 c6 3.Nc3 Nf6 4.Nf3 e6 5.e3 Nbd7 6.Qc2 Bd6 7.g4 dxc4 8.Bxc4 b6
9.e4 Bb7 10.g5 Nh5 11.Be3 c5 12.dxc5 Nxc5 13.O-O-O Qb8 14.b4 Nd7 15.Bb5 O-O
16.Rxd6 Qxd6 17.Rd1 Qxb4 18.Bxd7 Rfd8 19.Qb3 Qe7 20.Ne5 g6 21.Kb2 b5 22.Nxb5 a6
23.Qa3 Qxa3+ 24.Nxa3 Bxe4 25.Nac4 Rab8+ 26.Kc3 Bd5 27.Bb6 Rf8 28.Bc5 Rfd8
29.Be7 Rxd7 30.Nxd7 Rb7 31.Nf6+  1-0

[Event "ITT Pre Jahv Mcgregor"]
[Site "Silvania COL"]
[Date "2011.12.04"]
[Round "9"]
[White "Martinez Romero,M"]
[Black "Ortiz Suarez,I"]
[Result "0-1"]
[WhiteElo "2343"]
[BlackElo "2553"]

1.d4 d5 2.c4 c6 3.Nc3 Nf6 4.Nf3 e6 5.e3 Nbd7 6.Qc2 Bd6 7.g4 h6 8.cxd5 exd5
9.Rg1 Nf8 10.h3 Qe7 11.Bd3 Be6 12.Bd2 g6 13.O-O-O N8d7 14.Rge1 O-O-O 15.Kb1 Kb8
16.Ng1 h5 17.g5 Ne4 18.Nxe4 dxe4 19.Bxe4 Qxg5 20.f4 Qe7 21.Ka1 f5 22.Bh1 Nf6
23.e4 fxe4 24.Bxe4 Nxe4 25.Qxe4 Rde8 26.Qxg6 Qd7 27.Bc3 Bf7 28.Qf6 Rhf8 29.f5 Rxe1
30.Rxe1 Bxa2 31.Qh6 Bb3 32.Nf3 c5 33.Ne5 Qa4+ 34.Kb1 Rd8 35.Qf6 Bc7 36.Re2 cxd4  0-1

[Event "XVII Navalmoral Open"]
[Site "Navalmoral de la Mata ESP"]
[Date "2011.12.05"]
[Round "4"]
[White "Peralta,Fe"]
[Black "Moreno Tejera,E"]
[Result "1-0"]
[WhiteElo "2590"]
[BlackElo "2319"]

1.d4 d5 2.c4 c6 3.Nf3 Nf6 4.Nc3 e6 5.e3 Nbd7 6.Bd3 Bd6 7.e4 dxe4 8.Nxe4 Nxe4
9.Bxe4 e5 10.O-O exd4 11.Qxd4 Qf6 12.Bc2 Qxd4 13.Nxd4 Ne5 14.b3 O-O 15.Bb2 Ng6
16.Rad1 Rd8 17.Nf5 Bxf5 18.Bxf5 Be5 19.Ba3 Bf6 20.g3 Nf8 21.Rfe1 g6 22.Bh3 Rxd1
23.Rxd1 Re8 24.Kf1 Kg7 25.Bc5 a6 26.a4 Be7 27.Bd4+ Bf6 28.Bc5 Be7 29.Bb6 Bf6
30.Rd3 Ne6 31.a5 Re7 32.b4 Be5 33.f4 Bc7 34.Bxe6 Bxb6 35.axb6 Rxe6 36.Rd7 Re4
37.Rxb7 Rxc4 38.b5 axb5 39.Rc7  1-0

[Event "Rapport-Ragger Match"]
[Site "Szombathely HUN"]
[Date "2011.12.05"]
[Round "7"]
[White "Rapport,R"]
[Black "Ragger,M"]
[Result "1-0"]
[WhiteElo "2534"]
[BlackElo "2662"]

1.d4 d5 2.c4 c6 3.e3 Nf6 4.Nc3 e6 5.Nf3 Nbd7 6.Qc2 Bd6 7.g4 h6 8.Rg1 e5 9.cxd5 cxd5
10.Nb5 Bb8 11.g5 hxg5 12.Nxg5 e4 13.Bd2 Nb6 14.Qc5 Nfd7 15.Nd6+ Bxd6 16.Qxd6 Qe7
17.Qxe7+ Kxe7 18.Bb4+ Ke8 19.Rc1 Nb8 20.Rc7 Bd7 21.Bc5 Nc6 22.Bxb6 axb6 23.Nxf7 Kxf7
24.Rxd7+ Ne7 25.Rg5 Rxa2 26.Re5 Re8 27.Bh3 Kf8 28.Rh5 Ng8 29.Rh8 Rxb2 30.Kf1 Rc2
31.Bf5 Rc1+ 32.Kg2 Rc6 33.Bh7  1-0

[Event "2nd JAHV McGregor Open"]
[Site "Bogota COL"]
[Date "2011.12.06"]
[Round "1"]
[White "Garcia,Alv COL"]
[Black "Caceres Quintero,Gerson Maurici"]
[Result "1-0"]
[WhiteElo "2212"]
[BlackElo "1773"]

1.d4 d5 2.c4 c6 3.Nc3 e6 4.e3 Nf6 5.Nf3 Be7 6.b3 Bb4 7.Bd2 Nbd7 8.Bd3 a6
9.Qc2 Rb8 10.h3 g6 11.a3 Ba5 12.O-O O-O 13.e4 Bxc3 14.Bxc3 b5 15.e5 Nh5 16.cxb5 cxb5
17.Bb4 Re8 18.Qd2 Nf8 19.Qh6 f5 20.g4 Ng7 21.Ng5 Rb7 22.Bxf8 Kxf8 23.Nxh7+ Kf7
24.Ng5+ Qxg5 25.Qxg5 Rf8 26.Rac1 Bd7 27.Rc5 Be8 28.Rfc1 Kg8 29.Rc7 Rf7 30.Rxb7 Rxb7
31.Rc8 Kh7 32.h4 Bf7 33.Rf8 Ne8 34.h5  1-0

[Event "London Classic FIDE Open"]
[Site "London ENG"]
[Date "2011.12.06"]
[Round "4"]
[White "Skutta,B"]
[Black "Rendboe,J"]
[Result "1-0"]
[WhiteElo "2098"]
[BlackElo "2242"]

1.d4 d5 2.Nf3 Nf6 3.c4 c6 4.e3 e6 5.Nc3 Nbd7 6.Qc2 Bd6 7.Be2 O-O 8.O-O dxc4
9.Bxc4 b5 10.Be2 Bb7 11.e4 e5 12.Rd1 Qc7 13.Bg5 exd4 14.Rxd4 Rfe8 15.Rad1 Bc5
16.R4d2 b4 17.Na4 Bf8 18.Bxf6 Nxf6 19.e5 Rxe5 20.Nxe5 Qxe5 21.Bf3 Nd5 22.Nc5 Bxc5
23.Qxc5 a5 24.Re2 Qf6 25.Rde1 h6 26.Re8+ Rxe8 27.Rxe8+ Kh7 28.Be4+ g6 29.Qf8 h5
30.Bxd5 cxd5 31.Re7  1-0

[Event "XVII Navalmoral Open"]
[Site "Navalmoral de la Mata ESP"]
[Date "2011.12.06"]
[Round "7"]
[White "Sanikidze,T"]
[Black "Korneev,O"]
[Result "1/2-1/2"]
[WhiteElo "2531"]
[BlackElo "2608"]

1.d4 d5 2.c4 e6 3.Nf3 Nf6 4.Nc3 c6 5.e3 Nbd7 6.Bd3 dxc4 7.Bxc4 b5 8.Bd3 Bd6
9.O-O O-O 10.a3 Bb7 11.Qc2 Qb8 12.e4 e5 13.dxe5 Nxe5 14.Nxe5 Bxe5 15.f4 Bd4+  1/2-1/2

[Event "2nd JAHV McGregor Open"]
[Site "Bogota COL"]
[Date "2011.12.07"]
[Round "3"]
[White "Rubio Melo,H"]
[Black "Villegas,J"]
[Result "0-1"]
[WhiteElo "1807"]
[BlackElo "2073"]

1.d4 d5 2.c4 c6 3.Nf3 Nf6 4.e3 e6 5.Nc3 a6 6.c5 Nbd7 7.a3 Qc7 8.b4 e5 9.dxe5 Nxe5
10.Nxe5 Qxe5 11.Bb2 Be7 12.Be2 O-O 13.O-O Bd8 14.Bf3 Bc7 15.g3 Bh3 16.Bg2 Bg4
17.Bf3 Qh5 18.Bxg4 Nxg4 19.h4 g5 20.Kg2 gxh4 21.Rh1 Bxg3 22.Nxd5 cxd5 23.Qf3 Rfe8
24.fxg3 Nxe3+ 25.Kf2 Ng4+ 26.Kg2 h3+ 27.Rxh3 Ne3+ 28.Kf2 Qxh3 29.Rh1 Ng4+  0-1

[Event "Chin Van Xanddorj GM"]
[Site "Ulaanbaatar MGL"]
[Date "2011.12.07"]
[Round "3"]
[White "Haznedaroglu,K"]
[Black "Munguntuul,B"]
[Result "1/2-1/2"]
[WhiteElo "2426"]
[BlackElo "2459"]

1.d4 d5 2.c4 c6 3.Nc3 Nf6 4.Nf3 e6 5.e3 Nbd7 6.Bd3 Bd6 7.Qc2 dxc4 8.Bxc4 O-O
9.O-O Qc7 10.Rd1 b5 11.Bd3 Bb7 12.h3 h6 13.e4 e5 14.Ne2 c5 15.dxe5 Nxe5 16.Nxe5 Bxe5
17.Bxb5 Bxe4 18.Bd3 Bxd3 19.Rxd3 c4 20.Rf3 Nd5 21.Bd2 Rab8 22.Nc3 Nb4 23.Qf5 Rfd8
24.Bf4 Bxf4 25.Rxf4 Nd3 26.Rg4 Qe5 27.Qxe5 Nxe5 28.Re4 Nd3 29.Rxc4 Nxb2 30.Rc7 Rbc8  1/2-1/2

[Event "Chin Van Xanddorj GM"]
[Site "Ulaanbaatar MGL"]
[Date "2011.12.07"]
[Round "4"]
[White "Tuvshintugs,B"]
[Black "Haznedaroglu,K"]
[Result "1/2-1/2"]
[WhiteElo "2324"]
[BlackElo "2426"]

1.d4 d5 2.c4 c6 3.Nc3 Nf6 4.e3 e6 5.Nf3 Nbd7 6.Bd3 dxc4 7.Bxc4 b5 8.Bb3 b4
9.Nb1 Ba6 10.Nbd2 c5 11.Bc4 Bb7 12.O-O Be7 13.b3 O-O 14.Bb2 Nb6 15.Be2 a5
16.Rc1 Rc8 17.Nc4 Nbd5 18.Bd3 cxd4 19.Bxd4 Nd7 20.Qe2 Bf6 21.Nd6 Rxc1 22.Rxc1 Ba8
23.Rc8 Qe7 24.Rxf8+ Qxf8 25.Nc4 Qd8 26.Qc2 g6 27.Nce5 Nxe5 28.Nxe5 Nc3 29.f3 Qc7
30.Bxc3 bxc3 31.Nc4 Qc5 32.Qe2 Bc6 33.Bc2 Bd5 34.a4 h5 35.Kf1 h4 36.Be4 Qb4
37.Bc2 Qb8 38.Kg1 Qc7 39.Qd3 Qc5 40.Qe2 Bg5 41.Kf2 f5 42.Qd3 Bf6 43.Kf1 h3
44.e4 hxg2+ 45.Kxg2 fxe4 46.fxe4 Bc6 47.Qd6 Qg5+ 48.Qg3 Qh5 49.Qf3 Bd8 50.Qxh5 gxh5
51.Kf2 Bc7 52.h3 Kg7 53.Ke3 Kf6 54.h4 Ba8 55.Bd1 Kg6 56.Kd3 Bg3 57.Nxa5 Bxh4
58.b4 Be1 59.Nc4 c2 60.Bxc2 Bxb4 61.Ke3 h4 62.Kf4 Bb7 63.Kg4 Be7 64.Ne5+ Kf6
65.Nf3 e5 66.Nxh4 Ba6 67.Kf3 Ke6 68.Nf5 Bc5 69.Bb3+ Kd7 70.Ne3 Kc7 71.Nd5+ Kc6
72.Kg4 Bd4 73.Kf5 Kc5 74.Ne7 Be2 75.Bc2 Kc4 76.Nd5 Kc5 77.Bb3 Kd6 78.Nf6 Bf1
79.Bd1 Bc3 80.Ng8 Bc4 81.Nf6 Be6+ 82.Kg6 Bc4 83.Bg4 Bb3 84.Bd7 Bc4 85.Bb5 Be6
86.Ne8+ Ke7 87.Ng7 Bb3 88.Nf5+ Ke6 89.Ne3 Bd4 90.Bc4+ Kd7 91.Bb5+ Ke6 92.Bc4+ Kd7  1/2-1/2

[Event "80th Anniversary Mollet IM"]
[Site "Mollet del Valles ESP"]
[Date "2011.12.08"]
[Round "3"]
[White "Cruz,Cr"]
[Black "Cruz,Jon"]
[Result "1/2-1/2"]
[WhiteElo "2500"]
[BlackElo "2386"]

1.c4 Nf6 2.Nc3 e6 3.Nf3 d5 4.d4 c6 5.e3 Nbd7 6.Qc2 Be7 7.b3 b6 8.Bb2 Bb7
9.Be2 Rc8 10.O-O O-O 11.Rad1 Qc7 12.h3 Rfe8 13.Rfe1 Bf8 14.e4 dxe4 15.Nxe4 Nxe4
16.Qxe4 c5 17.Qe3 cxd4 18.Nxd4 a6  1/2-1/2

[Event "London Classic FIDE Open"]
[Site "London ENG"]
[Date "2011.12.09"]
[Round "7"]
[White "Bass,J"]
[Black "Vlcek,Ma"]
[Result "1/2-1/2"]
[WhiteElo "2071"]
[BlackElo "1935"]

1.d4 Nf6 2.c4 e6 3.Nc3 d5 4.Nf3 c6 5.e3 Nbd7 6.Bd3 Bd6 7.O-O O-O 8.e4 dxe4
9.Nxe4 Nxe4 10.Bxe4 f5 11.Bc2 e5 12.Bg5 Be7 13.Bxe7 Qxe7 14.dxe5 Nxe5 15.Re1 Nxf3+
16.Qxf3 Qf6 17.b4 Be6 18.Bb3 Rae8 19.Rad1 Re7 20.h3 Bf7 21.Rxe7  1/2-1/2

[Event "Arab Games Blitz Men"]
[Site "Doha QAT"]
[Date "2011.12.10"]
[Round "5"]
[White "Hamam,Brahim"]
[Black "Omar,Abdulrahman"]
[Result "1-0"]
[WhiteElo "2018"]
[BlackElo "2045"]

1.d4 d5 2.Nf3 Nf6 3.c4 c6 4.e3 e6 5.Nc3 Nbd7 6.Bd3 Bd6 7.O-O O-O 8.b3 Qe7
9.e4 dxe4 10.Nxe4 Nxe4 11.Bxe4 Nf6 12.Bc2 c5 13.dxc5 Bxc5 14.Bg5 h6 15.Bh4 Rd8
16.Qe2 b6 17.Be4 Bb7 18.Bxf6 gxf6 19.Bxb7 Qxb7 20.Nh4 f5 21.Rad1 Qe7 22.Qh5 Qg5
23.Qxg5+ hxg5 24.Nf3 f6 25.h3 Kf7 26.Rfe1 a5 27.a4 Bb4 28.Rf1 e5 29.g3 e4
30.Nd4 Kg6 31.Nc6 Rxd1 32.Rxd1 Bc5 33.Rd5 f4 34.gxf4 gxf4 35.Kf1 Rh8 36.Kg2 f3+
37.Kg3 Rh5 38.h4 Rxd5 39.cxd5 Bd6+ 40.Kh3 f5 41.Na7 Kh5 42.Nb5 Be5 43.d6 f4
44.d7 Bf6 45.Nc3 e3 46.fxe3 fxe3 47.Ne4 Bxh4 48.Ng3+ Bxg3 49.d8=Q e2 50.Qh8+ Kg5
51.Qg7+ Kf4 52.Qxg3+ Ke3 53.Kg4 Kd2 54.Qf2 Kd1 55.Qxf3 Kd2 56.Qd5+ Kc2 57.Qc4+ Kd2
58.Qd4+ Kc2 59.Kf4 b5 60.Ke4  1-0

[Event "Schachbundesliga 2011-12"]
[Site "Hamburg GER"]
[Date "2011.12.10"]
[Round "6"]
[White "Goloshchapov,A"]
[Black "Antoniewski,R"]
[Result "1/2-1/2"]
[WhiteElo "2580"]
[BlackElo "2585"]

1.d4 d5 2.c4 c6 3.Nc3 Nf6 4.e3 e6 5.Nf3 a6 6.b3 Bb4 7.Bd2 Nbd7 8.Bd3 O-O
9.O-O Bd6 10.Rc1 e5 11.cxd5 cxd5 12.dxe5 Nxe5 13.Nxe5 Bxe5 14.Ne2 Bd7 15.Bc3 Qb8
16.h3 Rc8 17.Qd2 Bxc3 18.Rxc3 Qe5 19.Rfc1 g6 20.a4 Kg7 21.a5 Rxc3 22.Qxc3 Qxc3
23.Rxc3 Kf8 24.Nd4 Ke7 25.f3 Kd6 26.h4 Ne8 27.g4 Nc7 28.Kf2 Re8 29.Rc1 Ne6
30.Nxe6 Bxe6 31.b4 Rb8 32.g5 Bd7 33.f4 b6 34.Kf3 bxa5 35.bxa5 Rb3 36.Bxa6  1/2-1/2

[Event "London Classic FIDE Open"]
[Site "London ENG"]
[Date "2011.12.10"]
[Round "8"]
[White "Maduekwe,C"]
[Black "Sagues,V"]
[Result "0-1"]
[WhiteElo "2180"]
[BlackElo "1952"]

1.d4 d5 2.c4 e6 3.Nc3 Nf6 4.Nf3 c6 5.e3 Nbd7 6.Qc2 Bd6 7.Bd3 O-O 8.O-O dxc4
9.Bxc4 e5 10.Rd1 Qe7 11.h3 h6 12.Nh4 Nb6 13.Ng6 Qc7 14.dxe5 Bxe5 15.Bb3 Re8
16.e4 Bxc3 17.bxc3 Be6 18.Bf4 Qc8 19.Ne5 c5 20.Bxe6 Qxe6 21.f3 Red8 22.Qf2 c4
23.Rd4 Rxd4 24.cxd4 Nfd7 25.Qg3  0-1

[Event "2nd JAHV McGregor Open"]
[Site "Bogota COL"]
[Date "2011.12.11"]
[Round "9"]
[White "Garcia,Alv COL"]
[Black "Baules,J"]
[Result "0-1"]
[WhiteElo "2212"]
[BlackElo "2380"]

1.d4 Nf6 2.c4 e6 3.Nf3 d5 4.Nc3 c6 5.e3 Nbd7 6.Qc2 Bd6 7.e4 e5 8.cxd5 cxd5
9.exd5 O-O 10.Be2 exd4 11.Nxd4 Nb6 12.Nf5 Be5 13.O-O Bxc3 14.bxc3 Re8 15.Bf3 Nfxd5
16.c4 Nb4 17.Qc3 Bxf5 18.Qxb4 Be4 19.Qc3 Na4 20.Qa3 Qf6 21.Bg5 Qc6 22.Bd1 Nb6
23.f3 Nxc4 24.Qc1 Bd3 25.Bb3 Bxf1 26.Qxf1 Na5 27.Qf2 Nxb3 28.axb3 Qb5 29.h4 a5
30.Qc2 Rac8 31.Qd2 b6 32.Rb1 Re2 33.Qf4 Qe5 34.Qg4 f5 35.Qf4 Qxf4 36.Bxf4 Rcc2
37.Rd1 Rxg2+ 38.Kh1 Rgf2  0-1

[Event "2nd JAHV McGregor Open"]
[Site "Bogota COL"]
[Date "2011.12.11"]
[Round "10"]
[White "Rubio Melo,H"]
[Black "Gutierrez Villamil,Jonathan"]
[Result "1-0"]
[WhiteElo "1807"]
[BlackElo "2089"]

1.d4 d5 2.c4 c6 3.Nf3 Nf6 4.Nc3 e6 5.e3 Nbd7 6.Bd3 a6 7.O-O dxc4 8.Bxc4 b5
9.Bd3 Bb7 10.b3 c5 11.dxc5 Nxc5 12.Be2 Qb6 13.Bb2 Be7 14.Nd4 O-O 15.Bf3 Rfd8
16.Qe2 b4 17.Nd1 Nce4 18.Bxe4 Bxe4 19.f3 Bg6 20.Qf2 e5 21.Nc2 Qb5 22.e4 Rac8
23.Nde3 Bc5 24.Rfd1 h6 25.Kh1 Bb6 26.Rxd8+ Rxd8 27.Qe1 a5 28.Rd1 Rxd1 29.Qxd1 Ne8
30.Nc4 f6 31.Nxb6 Qxb6 32.Qd2 Bf7 33.Ne3 Qb5 34.Kg1 Qc5 35.Kf2 Nc7 36.Qc2 Qb6
37.Ke2 Ne6 38.g3 Be8 39.Qc8 Kf7 40.Nc4 Bb5 41.Kf1 Ke7 42.Kg2 Bxc4 43.Qxc4 Qe3
44.Qc2 g5 45.Bc1 Qb6 46.Qd3 Nd4 47.Be3 Qc5 48.Kf2 Qd6 49.Qc4 Qc6 50.Qxc6 Nxc6
51.Bb6 Kd7 52.Ke2 Kc8 53.Kd3 Kb7 54.Bc5 Ka6 55.Kc4 h5 56.Bf8 Nd4 57.Bg7 Nxf3
58.Bxf6 g4 59.Kd5 Kb5 60.Bxe5 Nxh2 61.Bf4 Nf3 62.e5 h4 63.e6 Ka6 64.e7 a4
65.e8=Q  1-0

[Event "TCh-CZE Liga1 Vychod"]
[Site "Czech Rep CZE"]
[Date "2011.12.11"]
[Round "5"]
[White "Firt,S"]
[Black "Cerveny,M"]
[Result "1-0"]
[WhiteElo "2294"]
[BlackElo "2347"]

1.Nf3 d5 2.c4 c6 3.d4 Nf6 4.Nc3 e6 5.e3 Nbd7 6.Qc2 Bd6 7.Bd2 O-O 8.O-O-O a6
9.cxd5 exd5 10.Kb1 Qe7 11.Bd3 c5 12.dxc5 Nxc5 13.Nd4 g6 14.h4 Bd7 15.Be1 Rfc8
16.Qe2 Nxd3 17.Qxd3 b5 18.f3 b4 19.Nce2 Be5 20.g4 Bb5 21.Nxb5 axb5 22.Qb3 Rc4
23.Bg3 Rac8 24.g5 Nd7 25.Rxd5 Bxg3 26.Nxg3 Nb6 27.Rd2 Qc7 28.Ne2 Na4 29.Qd3 Qe5
30.e4 Nc5 31.Qd5 Qc7 32.b3 Rc3 33.h5 Ne6 34.hxg6 Rc5 35.gxh7+ Kh8 36.Qd7 Nxg5
37.Qd4+ Qe5 38.Qd8+ Qe8 39.Qf6+  1-0

[Event "Schachbundesliga 2011-12"]
[Site "Hamburg GER"]
[Date "2011.12.11"]
[Round "7"]
[White "Melkumyan,H"]
[Black "Ragger,M"]
[Result "0-1"]
[WhiteElo "2619"]
[BlackElo "2655"]

1.d4 d5 2.c4 c6 3.Nc3 Nf6 4.e3 e6 5.Nf3 Nbd7 6.Qc2 Bd6 7.Bd3 O-O 8.O-O dxc4
9.Bxc4 b5 10.Be2 a6 11.Ne4 Nxe4 12.Qxe4 Bb7 13.Bd2 Rb8 14.Qg4 Nf6 15.Qh3 Ne4
16.Rfd1 Qe7 17.Bd3 c5 18.dxc5 Bxc5 19.Bc3 h6 20.Bxe4 Bxe4 21.Qg4 f5 22.Qg3 Rbd8
23.h4 Bxf3 24.gxf3 Bd6 25.f4 Bb4 26.Be5 Bd6 27.Rac1 Rd7 28.Kh2 Bxe5 29.fxe5 Rfd8
30.Rxd7 Qxd7 31.Rc5 Rc8 32.Rxc8+ Qxc8 33.Qg6 Kf8 34.b4 Qc4 35.Qg3 Qxb4 36.Kh3 Qg4+
37.Qxg4 fxg4+ 38.Kxg4 h5+ 39.Kf3 b4 40.Ke4 g5 41.hxg5 a5  0-1

[Event "London Classic Women's Invitational"]
[Site "London ENG"]
[Date "2011.12.11"]
[Round "9"]
[White "Nakhbayeva,G"]
[Black "Mirzoeva,E"]
[Result "1-0"]
[WhiteElo "2227"]
[BlackElo "2244"]

1.d4 d5 2.c4 c6 3.Nc3 Nf6 4.e3 e6 5.Nf3 Nbd7 6.Bd3 dxc4 7.Bxc4 b5 8.Bd3 b4
9.Ne2 Bb7 10.O-O Bd6 11.Ng3 O-O 12.e4 Bxg3 13.e5 Bxe5 14.dxe5 Nd5 15.Bc2 f5
16.exf6 N7xf6 17.Ng5 Qd7 18.Qd3 g6 19.Nf3 Qg7 20.Re1 Rae8 21.Bg5 Nh5 22.Nd4 Nhf4
23.Bxf4 Nxf4 24.Qc4 Qf6 25.Be4 c5 26.Nxe6 Nxe6 27.Bxb7 Qxf2+ 28.Kh1 Kg7 29.h3 Nf4
30.Rxe8 Rxe8 31.Bf3 Re1+ 32.Rxe1 Qxe1+ 33.Kh2 Qe5 34.Kh1 h5 35.Qa6 Qc7 36.b3 h4
37.Kg1 Qb6 38.Qc4 g5 39.Kh1 Qd6 40.Qe4 Kh6 41.Qa8 Qf6 42.Qxa7 Nd3 43.Qb7 Ne5
44.Be4 g4 45.Qb5 g3 46.Qxc5 Qf1+ 47.Qg1 Qe2 48.Qc1+ Kh5 49.Bc2 Nf3 50.Qd1 Qe1+
51.Qxe1 Nxe1 52.Bb1 Kg5 53.Kg1 Kf4 54.Kf1 Nxg2 55.Kxg2 Ke3 56.Bg6 Ke2 57.Bf7 Ke3
58.Be6 Ke2 59.a4 bxa3 60.b4 Ke3 61.b5 Kd4 62.b6 Ke5 63.b7  1-0

[Event "London Classic FIDE Open"]
[Site "London ENG"]
[Date "2011.12.11"]
[Round "9"]
[White "Wells,P"]
[Black "Grover,S"]
[Result "0-1"]
[WhiteElo "2492"]
[BlackElo "2515"]

1.d4 d5 2.c4 c6 3.Nc3 Nf6 4.e3 e6 5.Nf3 Nbd7 6.Bd3 dxc4 7.Bxc4 b5 8.Bd3 Bd6
9.Qc2 Bb7 10.Bd2 Rc8 11.a3 a5 12.Ng5 c5 13.Nxb5 Bb8 14.Nc3 cxd4 15.exd4 Bxg2
16.Rg1 Bb7 17.O-O-O Bxh2 18.Rge1 Qb6 19.Kb1 Bd6 20.Bf5 g6 21.Bxe6 fxe6 22.Rxe6+ Kf8
23.Bf4 Ne8 24.Rxg6 Ndf6 25.Ne6+ Ke7 26.Rg7+ Nxg7 27.Nxg7 Kf7 28.Bxd6 Be4  0-1

[Event "14th Metropolitan IM"]
[Site "Los Angeles USA"]
[Date "2011.12.11"]
[Round "9"]
[White "Amanov,Z"]
[Black "Kavutskiy,K"]
[Result "1-0"]
[WhiteElo "2411"]
[BlackElo "2303"]

1.c4 Nf6 2.Nf3 e6 3.Nc3 d5 4.e3 c6 5.d4 Nbd7 6.Qc2 Bd6 7.g4 Bb4 8.Bd2 Bxc3
9.Bxc3 b6 10.Rg1 Qe7 11.Nd2 h6 12.h4 Bb7 13.g5 hxg5 14.hxg5 Nh5 15.Be2 O-O-O
16.a4 g6 17.a5 Ng7 18.Qb3 Nf5 19.axb6 axb6 20.Bb4 c5 21.Ba3 Qd6 22.Rc1 Rh3
23.Qa4 e5 24.dxc5 bxc5 25.cxd5 Qxd5 26.Qa5 Ne7 27.e4 Qe6 28.Bxc5 Nc6 29.Be3 Rxe3
30.fxe3 Rh8 31.Qd5 Qh3 32.Rxc6+ Bxc6 33.Qxc6+ Kd8 34.Nf3 Re8 35.Bb5 Re7 36.Kf2  1-0

[Event "FSFMB December 2011"]
[Site "Budapest HUN"]
[Date "2011.12.12"]
[Round "10"]
[White "Wanger,T"]
[Black "Lukacs,Albert"]
[Result "1-0"]
[WhiteElo "1846"]
[BlackElo "1715"]

1.d4 d5 2.c4 c6 3.Nf3 Nf6 4.Nc3 e6 5.e3 Nbd7 6.Qc2 Bd6 7.g4 h6 8.h3 Qc7 9.Bd3 dxc4
10.Bxc4 Nd5 11.Bd2 Nb4 12.Qb3 Nb6 13.Ne4 Nxc4 14.Bxb4 Bxb4+ 15.Qxb4 b5 16.b3 f5
17.bxc4 fxe4 18.Ne5 Rb8 19.O-O c5 20.Qxc5 Qxc5 21.dxc5 bxc4 22.Nxc4 Ba6 23.Nd6+ Ke7
24.Rfd1 Bd3 25.Rd2 Rhf8 26.Rc1 Rb4 27.Kg2 Rfb8 28.f3 Rb2 29.Rf2 Rxf2+ 30.Kxf2 Rb2+
31.Kg3 Rxa2 32.fxe4 Rc2 33.Rxc2 Bxc2 34.Nc8+ Kd7 35.Nxa7 e5 36.Nb5 Bxe4 37.Nd6 Bg6
38.Nc4 Ke6 39.c6 Be8 40.c7 Kd7 41.Nxe5+ Kxc7 42.Kf4 Kd6 43.Kf5 Ke7 44.h4 Kf8
45.Ke6 Bb5 46.g5 hxg5 47.hxg5 Ke8 48.Ng6 Bd7+ 49.Kd6 Bf5 50.Nf4 Kf7 51.Kd5 Bg4
52.e4 Bf3 53.Ke5 Bg4 54.Kd6 Bd1 55.e5 Ba4 56.e6+ Ke8 57.Nd3 Kf8 58.Ne5 Ke8
59.Nc6 Bc2 60.Ne7 Bd1 61.Nf5 Kf8 62.Kd7 Ba4+ 63.Kd8 Bb5 64.Nd6 Ba4 65.e7+ Kg8
66.e8=Q+ Bxe8 67.Kxe8  1-0

[Event "18th Zadar Open A"]
[Site "Zadar CRO"]
[Date "2011.12.12"]
[Round "2.9"]
[White "Jovanic,O"]
[Black "Saric,Iv"]
[Result "0-1"]
[WhiteElo "2476"]
[BlackElo "2648"]

1.d4 d5 2.c4 e6 3.Nf3 Nf6 4.Nc3 c6 5.e3 Nbd7 6.Bd3 dxc4 7.Bxc4 b5 8.Bd3 a6
9.a4 b4 10.Ne4 Bb7 11.O-O c5 12.Nxf6+ Qxf6 13.Qe2 cxd4 14.exd4 Bxf3 15.gxf3 Bd6
16.Bxa6 Qh4 17.f4 O-O 18.Bb5 Nf6 19.Qf3 Nh5 20.h3 Nxf4 21.Bxf4 Bxf4 22.Rfe1 Bc7
23.Rac1 Bb6 24.Rc4 Rac8 25.Re4 Qe7 26.d5 Rxc4 27.Bxc4 e5 28.Kg2 Qd6 29.Qg3 f5
30.Rxe5 Bxf2 31.Kxf2 f4 32.Qg5 Qc5+ 33.Kf3 Qxc4 34.Re7 Qd3+ 35.Kf2 Qd4+ 36.Kf3 Qxb2
37.d6 Qc3+ 38.Kf2 Qd4+ 39.Kf3 Rc8 40.Qe5 Qd3+ 41.Kg4 Qg3+ 42.Kf5 Qxh3+ 43.Ke4 Qe3+
44.Kf5 Rf8+ 45.Ke6 Qxe5+ 46.Kxe5 f3  0-1